| 000 | 00924nam a22003137a 4500 | ||
|---|---|---|---|
| 003 | CHAP | ||
| 005 | 20220817042518.0 | ||
| 008 | 971013s1982 r 00010 d | ||
| 010 | _a46810 | ||
| 011 | _a47782 | ||
| 035 | _a51925 | ||
| 040 | _cCHAP | ||
| 082 |
_a632.95 _bV33 |
||
| 245 | 0 | _aVademecum de productos fitosanitarios, 1984-85 | |
| 260 |
_aMadrid : _bDUPONT, _c1982 |
||
| 300 |
_a217 p. _b: ilus. |
||
| 590 |
_aBATCH-UPD _b10 _c20130110 _lUCH01 _h0910 |
||
| 590 |
_aBATCH-UPD _b10 _c20130410 _lUCH01 _h0536 |
||
| 590 |
_aBATCH-UPD _b10 _c20130913 _lUCH01 _h1825 |
||
| 590 |
_aCONVERSION _b10 _c20130109 _lUCH01 _h1326 |
||
| 650 | 1 | 4 |
_aAbonos. _9235 |
| 650 | 1 | 4 |
_aHerbicidas. _953691 |
| 650 | 1 | 4 | _aHormonas vegetales. |
| 650 | 1 | 4 |
_aPesticidas. _987536 |
| 700 | 0 | 0 |
_aLiñán Vicente, Carlos de. _967023 |
| 901 | _aBK | ||
| 942 | _cLIBRO | ||
| 949 |
_a632.95 V33 _bBC _cC _d33724000569471 _eC _gI.123408 _h63207 _i51925 _si |
||
| 999 |
_c46810 _d46810 |
||